000 00367nam a22001217a 4500
999 _c13538
_d13538
082 _a891.491
100 _aرخسانہ صبا
245 _aگواہی میرے عہد کی
260 _aکراچی
_bبھوپال انٹرنیشنل فورم
_c٢٠٠٩
300 _aمختلف صفحات
650 _aGawahi Mere ehd ki,jazib Qureshi, poet, shair
942 _cBK